000 005600000a22001690004500
041 0 _aSPA
082 0 4 _aG 268.2 S9291g
245 1 0 _aGuía para engrandecimiento de la escuela dominical / Jorge W. Stuart, Compilador ; R. B. Alvarez Blanco, Traductor
260 _aEl Paso, TX., USA : Casa Bautista de Publicaciones
300 _a127 Pag
500 _aTítulo original : A guide to sunday school enlargement
001 7964
942 _cBK
999 _c38164
_d38164
336 _atexto
_btxt
_2rdacontent
337 _2rdamedia
_asin mediación
_bn
338 _2rdacarrier
_avolumen
_bnc